Exergi và phương pháp phân tích Exergi
Sách gồm 7 chương đề cập: Định luật nhiệt động 1 cho quá trình thuận nghịch và không thuận nghịch; Exergi và biểu thức tính toán Exergi; Phương pháp cân bằng nhiệt để phân tích chu trình thực; Phân tích chu trình Rankine thực của nhà máy nhiệ...
Kaydedildi:
| Yazar: | |
|---|---|
| Materyal Türü: | Kitap |
| Dil: | Undetermined |
| Baskı/Yayın Bilgisi: |
Hà Nội
Bách khoa Hà Nội
2008
|
| Konular: | |
| Etiketler: |
Etiketle
Etiket eklenmemiş, İlk siz ekleyin!
|
| Thư viện lưu trữ: | Trung tâm Học liệu Trường Đại học Cần Thơ |
|---|
| LEADER | 00991nam a2200205Ia 4500 | ||
|---|---|---|---|
| 001 | CTU_140311 | ||
| 008 | 210402s9999 xx 000 0 und d | ||
| 020 | |c 28000 | ||
| 082 | |a 536.7 | ||
| 082 | |b H103 | ||
| 100 | |a Bùi, Hải | ||
| 245 | 0 | |a Exergi và phương pháp phân tích Exergi | |
| 245 | 0 | |c Bùi Hải | |
| 260 | |a Hà Nội | ||
| 260 | |b Bách khoa Hà Nội | ||
| 260 | |c 2008 | ||
| 520 | |a Sách gồm 7 chương đề cập: Định luật nhiệt động 1 cho quá trình thuận nghịch và không thuận nghịch; Exergi và biểu thức tính toán Exergi; Phương pháp cân bằng nhiệt để phân tích chu trình thực; Phân tích chu trình Rankine thực của nhà máy nhiệt điện bằng phưuơng pháp cân bằng nhiệt và cân bằng Exergi... | ||
| 650 | |a Thermodynamics | ||
| 904 | |i Giang | ||
| 980 | |a Trung tâm Học liệu Trường Đại học Cần Thơ | ||